Matrimonios de razón : (Record no. 159146)

MARC details
000 -LEADER
campo de control de longitud fija 00936nam a22002055i 4500
001 - NÚMERO DE CONTROL
campo de control 159146
003 - IDENTIFICADOR DE NÚMERO DE CONTROL
campo de control ES-MaACL
005 - FECHA Y HORA DE LA ÚLTIMA TRANSACCIÓN
campo de control 20250824052157.0
008 - DATOS DE LONGITUD FIJA--INFORMACIÓN GENERAL
campo de control de longitud fija 041001s1862 sp |||| | spa d
040 ## - FUENTE DE CATALOGACIÓN
Centro catalogador/agencia de origen CAM
Lengua de catalogación spa
Centro/agencia transcriptor CAM
100 1# - ENTRADA PRINCIPAL--NOMBRE DE PERSONA
Nombre de persona Mata y Oneca, Serafín.
Término indicativo de función/relación Autor
9 (RLIN) 129718
245 10 - MENCIÓN DEL TÍTULO
Título Matrimonios de razón :
Resto del título comedia en tres actos original y en verso /
Mención de responsabilidad, etc. de Serafín Mata y Oneca.
260 ## - PUBLICACIÓN, DISTRIBUCIÓN, ETC.
Lugar de publicación, distribución, etc. Salamanca :
Nombre del editor, distribuidor, etc. [s.n.],
Fecha de publicación, distribución, etc. 1862
Fabricante (Imp. de La Crónica)
300 ## - DESCRIPCIÓN FÍSICA
Extensión 114 páginas ;
Dimensiones 20 cm.
655 #0 - TERMINO DE INDIZACIÓN--GENERO/FORMA
Datos o término principal de género/forma Teatro
9 (RLIN) 234794
852 ## - LOCALIZACIÓN
Ubicación ES-MaACL
Ubicación en estantería Sala Pecera Planta 2
Marcas de propiedad Ex-libris ms. de Gustavo Sáenz Díez, 1877
Anotaciones manuscritas Dedicatoria ms. del autor a las Señoritas Doña Manuela y Doña Joaquina Palacios
Número de control de estantería F-8560(9)
Encuadernación Enc. en un vol. facticio formando parte de la col. facticia "Teatro español moderno", v. 12
-- Pasta española, falto de cub. original
942 ## - ELEMENTOS DE ENTRADA SECUNDARIOS (KOHA)
Fuente del sistema de clasificación o colocación Clasificación decimal universal
Tipo de ítem Koha Libro impreso antiguo
Suprimir en OPAC No
Holdings
Estatus retirado Estado de pérdida Estado de daño No para préstamo Colección Biblioteca de origen Biblioteca actual Ubicación en estantería Fecha de adquisición Total de préstamos Signatura topográfica completa Código de barras Visto por última vez Precio de reemplazo Tipo de ítem Koha
        Libros del s. XIX Biblioteca del Ateneo de Madrid Biblioteca del Ateneo de Madrid Sala Pecera Planta 2 17/01/2008   F-8560(9) 1166601 23/02/2023 23/02/2023 Libro impreso antiguo